000 01118nam a2200313 i 4500
003 EG-GICUC
005 20260502112926.0
008 260502s1980 ua fr|||| 00| 0 ara d
040 _a EG-GICUC
_bara
_c EG-GICUC
_d EG-GICUC
_erda
041 _aara
082 0 4 _221
_a345.8223
_bس ع . د
092 0 4 _221
099 _aLaw1 07 345.8223 س ع . د 1980
100 0 _aسعاد الشرقاوي
_eمؤلف.
245 1 0 _aدروس في دعوى الإلغاء /
_cدكتورة سعاد الشرقاوي.
264 1 _a القاهرة :
_b دار النهضة العربية،
_c1980 .
300 _a190 ؛ صفحة
_c24 سم
336 _2rda content
_atext
337 _2rda media
_aComputer
338 _2rda carrier
_aOnline Resource
504 _aيشتمل على إرجاعات ببليوجرافية وكشاف.
546 _aالنص باللغة العربية
650 1 _aالقانون الإداري
_2qrmak
650 1 _aدعوي الالغاء
651 1 _2qrmak
856 4 0 _uhttps://fll.law.cu.edu.eg/fulltext/bks/B07-03710.pdf
905 _a167
942 _2ddc
_cBK
_e21
_n0
999 _c74780
_d74780